| 000 | 00996nam a2200265Ia 4500 | ||
|---|---|---|---|
| 999 |
_c41071 _d41071 |
||
| 001 | 7720 | ||
| 003 | GE_BSU | ||
| 005 | 20220922111115.0 | ||
| 008 | 181216s2001en xx |||||||||||||| ||eng|| | ||
| 020 | _a3540761233. | ||
| 040 | _cGE_BSU | ||
| 041 | _aeng | ||
| 080 | _a511.31 J-74 | ||
| 100 |
_aJohnson D.L. _914688 |
||
| 245 |
_aElements of Logic via Numbers and sets / _cD.L. Johnson Advisory Board: P.J.Cameron, M.A.J.Chaplain, K.Edman,and other. |
||
| 264 |
_aNew York : _bSpringer, _c2001. |
||
| 300 |
_a175 p; _b23 cm. |
||
| 440 |
_aSpringer Undergraduate Mathematics Series. _914689 |
||
| 653 | _aelements of logic via Numbers and sets. | ||
| 653 | _aლოგიკის ელემენტები რიცხვებისა და სიმრავლების მეშვეობით. | ||
| 700 |
_aCameron,P.J _eAdvisory Board: _914690 |
||
| 700 |
_aChaplain, M.A.J. _eAdvisory Board: _914672 |
||
| 700 |
_aEdman, K. _eAdvisory Board: _914691 |
||
| 942 |
_cBK _2udc |
||